000 01078nam a2200265Ia 4500
003 OSt
005 20221005111415.0
006 a|||||r|||| 00| 0
007 ta
008 221004b |||||||| |||| 00| 0 hin d
020 _a9789350721612 (hbk)
_c250
024 _a7172
037 _b92, 05/09/2013, Vani Prakashan
_cTextual
040 _aCRL
_cCRL
_bhin
041 _2hin
_ahin
082 _aY15-72:4.2, 152Q3
100 _aगीताश्री
245 0 _aसपनों की मंडी
_b आदिवासी लड़कियों की तस्करी पर प्रामाणिक शोध
246 _aSapanoan kī manḍī: ādivāsī laड़kiyoan kī taskarī par prāmāṇik shodha
260 _aनई दिल्ली
_bवाणी प्रकाशन भारत
_c2013
300 _a161पृ0
_ccm.
650 _aभारतीय-लोक साहित्य
942 _hY15-72:4.2, 152Q3
_cTEXL
_2cc
999 _c1021755
_d1021755